Malacca : thrills and treasures of historical landmarks

Bibliographic Details
Main Author: Chow, Chui Lin
Format: Book
Published: Selangor : Marshall Cavendish , 2008
Subjects:

MARC

LEADER 00000cam a2200000 7i4500
001 0000016011
005 20080418.0
008 080418
020 |a 9833845134 
090 0 0 |a 959.5118   |b CHO 
100 0 |a Chow, Chui Lin 
245 1 0 |a Malacca :   |b thrills and treasures of historical landmarks   |c Chow Chui Lin 
260 |a Selangor :   |b Marshall Cavendish ,   |c 2008 
650 0 |a Historic buildings   |z Melaka 
650 0 |a Historic sites   |z Melaka 
650 0 |a Melaka   |x Description and travel 
999 |a 0001018749   |b Book   |c Adult Collection   |e Perbadanan Perpustakaan Awam Johor